| 000 | 00881cam a22002174 4500 | ||
|---|---|---|---|
| 001 | ca 13000896 | ||
| 003 | DLC | ||
| 005 | 20260227111058.0 | ||
| 008 | 821020s1913 dcua 000 0 eng | ||
| 010 | _aca 13000896 | ||
| 040 |
_aDLC _cCarP _dDLC |
||
| 043 | _an-us--- | ||
| 050 | 0 | 0 |
_aHF3001 _b.A45 1912 |
| 110 | 1 |
_aUnited States. _bBureau of foreign and domestic commerce (Department of commerce and labor) [from old catalog] |
|
| 245 | 1 | 0 | _aImports and exports of merchandise into and from the United States by countries and principal articles during the years ending June 30, 1908-1912. |
| 260 |
_aWashington : _bGovt. print. off., _c1913. |
||
| 300 |
_ap. 1121-1228 : _bincl. tables ; _c30 cm. |
||
| 530 | _aAlso available in digital form on the Internet Archive Web site. | ||
| 651 | 0 |
_aUnited States _xCommerce. |
|
| 856 | 4 | 1 | _uhttp://hdl.loc.gov/loc.gdc/scd0001.00297650282 |
| 999 |
_c14711 _d14711 |
||